Score 0/16 Timer 04:00
1 Play Today
Jumble Answer % Correct
AHIITHaiti
89.6%
ABLYILibya
87.4%
NABTAMBatman
85%
BRSUCSScrubs
82.2%
DARWANRwanda
65.7%
DONAMANMadonna
61.2%
ZEWEREWeezer
59.2%
ALLELLVIMSSmallville
58.5%
Jumble Answer % Correct
ROVRIVSUSurvivor
51.4%
BUGLIMEBelgium
50.6%
SIRAERFFrasier
48.9%
ALLOTILolita
36.8%
TAOLARGDIGladiator
36.1%
AMTELCAILMetallica
32.1%
COBENYEBeyoncé
29.1%
RIVEGOTVertigo
23.2%
Remove Ads.
Support Sporcle.
Get the best of Sporcle when you Go Orange. This ad-free experience offers more features, more stats, and more fun while also helping to support Sporcle. Thank you for becoming a member.

You're not logged in!

Compare scores with friends on all Sporcle quizzes.
OR
Log In

Show Comments

Extras

Top Quizzes Today


Score Distribution

Your Account Isn't Verified!

In order to create a playlist on Sporcle, you need to verify the email address you used during registration. Go to your Sporcle Settings to finish the process.

Report this User

Report this user for behavior that violates our Community Guidelines.

Details: